[Event "II Open Internacional Hotel Murta Xativa (Event Code: 141022)"]
[Site "Hotel Murta"]
[Date "2016.08.27"]
[Round "8"]
[Board "14"]
[White "Reig Albero, Ferran"]
[Black "Gonzalvez Tamarit, Ruben"]
[Result "1-0"]
[WhiteElo "1993"]
[BlackElo "1974"]
[PlyCount "277"]
[EventDate "2016.08.22"]
[EventRounds "9"]
[EventCountry "ESP"]

1. e4 e5 2. Nf3 Nc6 3. Bb5 Bc5 4. O-O Qf6 5. c3 Nge7 6. d4 exd4 7. Bg5 Qg6 8.
Bxe7 Bxe7 9. cxd4 Qxe4 10. Nc3 Qf5 11. Re1 Kf8 12. Qe2 Qe6 13. d5 Qxe2 14. Rxe2
Nd8 15. Rae1 c6 16. d6 Ne6 17. dxe7+ Kxe7 18. Bd3 Rd8 19. Ng5 h6 20. Nxe6 dxe6
21. Rd1 b6 22. Red2 Bb7 23. f4 Rd7 24. Be4 Rad8 25. Rxd7+ Rxd7 26. Rxd7+ Kxd7
27. Kf2 Ba6 28. Ke3 Kd6 29. Bd3 Bb7 30. Ne4+ Ke7 31. b4 f5 32. Nd2 Kd6 33. Nc4+
Kd5 34. Ne5 c5 35. Bc4+ Kd6 36. bxc5+ bxc5 37. g3 Be4 38. Kd2 g5 39. Be2 g4 40.
Kc3 Kd5 41. Bb5 Bb1 42. Bc6+ Kd6 43. a3 Ba2 44. Bb5 Bd5 45. Bc4 Bb7 46. a4 Bc8
47. a5 a6 48. Bf1 Bb7 49. Nc4+ Kc7 50. Nd2 Kd6 51. Nb3 h5 52. Kd3 Bc6 53. Kd2
Bb7 54. Kc3 Bc8 55. Bg2 Bd7 56. Bf1 Bc8 57. Nd2 Bb7 58. Nc4+ Kc7 59. Nb6 Kd6
60. Bc4 Ke7 61. Bd3 Kd6 62. Bf1 Kc7 63. Nc4 Kd7 64. Ne5+ Kd6 65. Bc4 Ke7 66.
Bb3 Kd6 67. Ba4 Kd5 68. Kd3 Kd6 69. Be8 Ke7 70. Bxh5 Bd5 71. Kc3 Kd6 72. Be8
Kc7 73. Ba4 Kd6 74. Bd1 Bb7 75. Be2 Kc7 76. Nf7 Kd7 77. Bf1 Ke7 78. Ne5 Kd6 79.
h3 gxh3 80. Bxh3 Bd5 81. Bf1 Bb7 82. Be2 Ke7 83. Bf3 Bd5 84. Be2 Bb7 85. Bc4
Bc8 86. Nc6+ Kd6 87. Nb8 e5 88. Bxa6 Be6 89. Bc4 Bc8 90. fxe5+ Kxe5 91. a6 f4
92. Nc6+ Kd6 93. Nd8 Bxa6 94. Bxa6 fxg3 95. Bf1 Ke5 96. Bg2 Kf4 97. Kd2 c4 98.
Ne6+ Ke5 99. Nc5 Kd4 100. Na4 Ke5 101. Ke3 Kf5 102. Kd4 Kf4 103. Nc3 Kf5 104.
Kxc4 Kf4 105. Kd4 Kf5 106. Ne2 Ke6 107. Nxg3 Kf6 108. Ne4+ Kf5 109. Bh3+ Kf4
110. Be6 Kf3 111. Bf5 Kf4 112. Bg6 Kf3 113. Nc5 Kf4 114. Ne6+ Kf3 115. Kd3 Kf2
116. Bh5 Kg3 117. Ke3 Kh4 118. Bd1 Kg3 119. Nd4 Kh4 120. Kf4 Kh3 121. Nf5 Kg2
122. Ne3+ Kf2 123. Nc2 Kg2 124. Nb4 Kf2 125. Nd3+ Kg2 126. Be2 Kh3 127. Nc5 Kg2
128. Ne4 Kh3 129. Kg5 Kh2 130. Kg4 Kg2 131. Kh4 Kh2 132. Bf1 Kg1 133. Bh3 Kh2
134. Nc5 Kh1 135. Kg3 Kg1 136. Ne6 Kh1 137. Nf4 Kg1 138. Ne2+ Kh1 139. Bg2# 1-0

[Event "II Open Internacional Hotel Murta Xativa (Event Code: 141022)"]
[Site "Hotel Murta"]
[Date "2016.08.27"]
[Round "8"]
[Board "15"]
[White "Martin Perez, Carlos"]
[Black "Morant Gomar, Sergio"]
[Result "1-0"]
[WhiteElo "1961"]
[BlackElo "1680"]
[PlyCount "69"]
[EventDate "2016.08.22"]
[EventRounds "9"]
[EventCountry "ESP"]

1. e4 c5 2. Nc3 Nc6 3. g3 g6 4. Bg2 Bg7 5. d3 d6 6. h3 Bd7 7. Be3 a6 8. f4 e6
9. Nf3 b5 10. O-O b4 11. Na4 Nce7 12. b3 Bxa1 13. Qxa1 f6 14. e5 Nd5 15. exd6
Bxa4 16. Bxc5 Rc8 17. Qd4 Bc6 18. Re1 Kf7 19. g4 Nh6 20. a3 a5 21. axb4 axb4
22. Qc4 Re8 23. Nd4 Qd7 24. f5 gxf5 25. gxf5 Nf4 26. fxe6+ Nxe6 27. Bxc6 Rxc6
28. Nxe6 Rxe6 29. Rxe6 Qxe6 30. d7 Rxc5 31. d8=N+ Kg6 32. Qxe6 Rxc2 33. Nc6
Rc1+ 34. Kf2 Rc2+ 35. Ke1 1-0

[Event "II Open Internacional Hotel Murta Xativa (Event Code: 141022)"]
[Site "Hotel Murta"]
[Date "2016.08.27"]
[Round "9"]
[Board "1"]
[White "Munoz, Miguel"]
[Black "Ibanez Aullana, Ramon"]
[Result "1/2-1/2"]
[WhiteElo "2451"]
[BlackElo "2249"]
[PlyCount "62"]
[EventDate "2016.08.22"]
[EventRounds "9"]
[EventCountry "ESP"]

1. e4 Nf6 2. Nc3 d5 3. exd5 Nxd5 4. Bc4 c6 5. Qf3 e6 6. Nge2 Nd7 7. d4 Qf6 8.
Qg3 Qg6 9. O-O Qxg3 10. fxg3 Nxc3 11. Nxc3 Nf6 12. h3 h5 13. Bg5 Be7 14. Rae1
Bd7 15. Ne2 c5 16. c3 b5 17. Bd3 c4 18. Bc2 Nd5 19. Bxe7 Kxe7 20. Be4 Bc6 21.
Bxd5 Bxd5 22. Nf4 Rad8 23. Re5 g6 24. Rfe1 Kf6 25. Rf1 Ke7 26. Rfe1 Kf6 27.
Nxd5+ Rxd5 28. Rxd5 exd5 29. Re5 Rd8 30. Kf2 a5 31. a3 b4 1/2-1/2

[Event "II Open Internacional Hotel Murta Xativa (Event Code: 141022)"]
[Site "Hotel Murta"]
[Date "2016.08.27"]
[Round "9"]
[Board "3"]
[White "Kovacevic, Slobodan"]
[Black "Uran Bermudez, Oliver Kevin"]
[Result "1/2-1/2"]
[WhiteElo "2303"]
[BlackElo "2104"]
[PlyCount "68"]
[EventDate "2016.08.22"]
[EventRounds "9"]
[EventCountry "ESP"]

1. d4 Nf6 2. Nf3 g6 3. Bg5 Bg7 4. Nbd2 d6 5. c3 Nbd7 6. e4 c5 7. d5 h6 8. Bh4
g5 9. Bg3 Nh5 10. a4 a6 11. a5 Rb8 12. Nc4 Nxg3 13. hxg3 Ne5 14. Nfxe5 Bxe5 15.
Nb6 Bg7 16. Be2 Bd7 17. Bg4 e6 18. Qd2 O-O 19. O-O Qe7 20. Rfe1 Bb5 21. Rad1
Qf6 22. Qc2 Rbd8 23. Rd2 Qg6 24. Qd1 Be5 25. Bh5 Qh7 26. Qb3 exd5 27. Nxd5 Bc6
28. Bg4 h5 29. Bf5 Qh6 30. Ne7+ Kh8 31. Nxc6 bxc6 32. Qb6 g4 33. Red1 h4 34.
gxh4 Qxh4 1/2-1/2

[Event "II Open Internacional Hotel Murta Xativa (Event Code: 141022)"]
[Site "Hotel Murta"]
[Date "2016.08.27"]
[Round "9"]
[Board "4"]
[White "Ballester Llagaria, Luis Eduardo"]
[Black "Montalban Galvez, Antoni"]
[Result "1/2-1/2"]
[WhiteElo "2299"]
[BlackElo "2221"]
[PlyCount "57"]
[EventDate "2016.08.22"]
[EventRounds "9"]
[EventCountry "ESP"]

1. e4 c6 2. d4 d5 3. e5 Bf5 4. Nf3 e6 5. Be2 Nd7 6. O-O h6 7. b3 Ne7 8. c4 Bh7
9. Nc3 Nf5 10. a3 Be7 11. g4 Nh4 12. Nxh4 Bxh4 13. f4 f5 14. exf6 Nxf6 15. g5
Ne4 16. Bh5+ Kd7 17. Nxe4 Bxe4 18. Bf3 Bf5 19. Bg4 g6 20. cxd5 cxd5 21. Bxf5
gxf5 22. Qe2 Qb6 23. Qe5 Rhg8 24. Bd2 hxg5 25. Rac1 Qd6 26. Qe2 Qa6 27. Qe5 Qd6
28. Qe2 Qa6 29. Qe5 1/2-1/2

[Event "II Open Internacional Hotel Murta Xativa (Event Code: 141022)"]
[Site "Hotel Murta"]
[Date "2016.08.27"]
[Round "9"]
[Board "5"]
[White "Gomez Jurado, Luis Alberto"]
[Black "Garcia Amoros, Pablo"]
[Result "1/2-1/2"]
[WhiteElo "2266"]
[BlackElo "2175"]
[PlyCount "116"]
[EventDate "2016.08.22"]
[EventRounds "9"]
[EventCountry "ESP"]

1. c4 g6 2. g3 Bg7 3. Bg2 d6 4. Nc3 e5 5. e4 Nc6 6. Nge2 f5 7. d3 Nf6 8. Nd5
O-O 9. O-O Be6 10. Bg5 Qd7 11. Qd2 fxe4 12. dxe4 Nh5 13. f3 Nd8 14. b3 Nf7 15.
Be3 c6 16. Ndc3 Nf6 17. Rfd1 Rfd8 18. Rac1 d5 19. cxd5 cxd5 20. exd5 Nxd5 21.
Nxd5 Qxd5 22. Qxd5 Bxd5 23. f4 Bxg2 24. Kxg2 Rxd1 25. Rxd1 Rc8 26. Rc1 Rxc1 27.
Nxc1 a6 28. Nd3 exf4 29. Bxf4 Bf8 30. Kf3 Nd8 31. Ke4 Kf7 32. Kd5 Nc6 33. Bd6
Ne7+ 34. Bxe7 Bxe7 35. Nc5 Bg5 36. Nxb7 Be3 37. b4 h5 38. Nc5 g5 39. a4 g4 40.
b5 axb5 41. axb5 Bg1 42. b6 Bxh2 43. Ne4 Bg1 44. b7 Ba7 45. Nc5 h4 46. gxh4 g3
47. Ne4 g2 48. Ng5+ Kg6 49. Nh3 Kf5 50. Ng1 Kg4 51. Ke4 Kxh4 52. Kf3 Kg5 53.
Kxg2 Kf5 54. Ne2 Ke6 55. Nd4+ Kd7 56. Kf3 Kc7 57. Nb5+ Kxb7 58. Nxa7 Kxa7
 1/2-1/2

[Event "II Open Internacional Hotel Murta Xativa (Event Code: 141022)"]
[Site "Hotel Murta"]
[Date "2016.08.27"]
[Round "9"]
[Board "6"]
[White "Nieves Cabanes, Jose Manuel"]
[Black "Hernandez Torralba, Jose Joaquin"]
[Result "1/2-1/2"]
[WhiteElo "2227"]
[BlackElo "2023"]
[PlyCount "45"]
[EventDate "2016.08.22"]
[EventRounds "9"]
[EventCountry "ESP"]

1. d4 Nf6 2. c4 g6 3. Nc3 d5 4. cxd5 Nxd5 5. Bd2 Bg7 6. e4 Nb6 7. Be3 O-O 8.
Bb5 c6 9. Be2 e5 10. Nf3 exd4 11. Nxd4 Qe7 12. Qc2 N8d7 13. O-O Ne5 14. Nb3 Rd8
15. a4 Nbc4 16. Bc5 Nd6 17. a5 Qc7 18. Rad1 Ne8 19. h3 b6 20. Be3 Be6 21. Na4
c5 22. Nc3 Nc6 23. axb6 1/2-1/2

[Event "II Open Internacional Hotel Murta Xativa (Event Code: 141022)"]
[Site "Hotel Murta"]
[Date "2016.08.27"]
[Round "9"]
[Board "7"]
[White "Garcia Jimenez, Francisco Javier"]
[Black "Fenollar Jorda, Manuel"]
[Result "1-0"]
[WhiteElo "2251"]
[BlackElo "2338"]
[PlyCount "67"]
[EventDate "2016.08.22"]
[EventRounds "9"]
[EventCountry "ESP"]

1. e4 e5 2. Nf3 Nc6 3. d4 exd4 4. Nxd4 Bc5 5. Nb3 Bb6 6. Nc3 Qf6 7. Qe2 Nge7 8.
Be3 d6 9. Nb5 Kd8 10. O-O-O Bxe3+ 11. Qxe3 a6 12. Nc3 Be6 13. f4 Kc8 14. g3 h5
15. h3 Rg8 16. Bg2 h4 17. gxh4 Qxh4 18. Nd2 g5 19. f5 Bd7 20. Nf3 Qh8 21. Bf1
Ne5 22. Nxe5 Qxe5 23. Qf2 b5 24. Bg2 Kb7 25. Kb1 Rh8 26. Rhf1 Rh4 27. Nd5 Bc6
28. Nxe7 Qxe7 29. Rfe1 Bxe4 30. Rd4 d5 31. Rxd5 Rd8 32. Rxd8 Qxd8 33. Bxe4+
Rxe4 34. Qf3 1-0

[Event "II Open Internacional Hotel Murta Xativa (Event Code: 141022)"]
[Site "Hotel Murta"]
[Date "2016.08.27"]
[Round "9"]
[Board "8"]
[White "Bas Mas, Miguel"]
[Black "Nieves Cabanes, Javier"]
[Result "1/2-1/2"]
[WhiteElo "2123"]
[BlackElo "2215"]
[PlyCount "26"]
[EventDate "2016.08.22"]
[EventRounds "9"]
[EventCountry "ESP"]

1. e4 e5 2. Nf3 Nc6 3. Bb5 a6 4. Ba4 Nf6 5. d3 b5 6. Bb3 Be7 7. O-O d6 8. a3
Na5 9. Ba2 c5 10. Nc3 Be6 11. Bxe6 fxe6 12. Ne2 Nc6 13. Ng3 O-O 1/2-1/2

[Event "II Open Internacional Hotel Murta Xativa (Event Code: 141022)"]
[Site "Hotel Murta"]
[Date "2016.08.27"]
[Round "9"]
[Board "9"]
[White "Gomez Ferrer, Jesus"]
[Black "Hompanera Lopez, Enrique"]
[Result "1-0"]
[WhiteElo "2081"]
[BlackElo "2044"]
[PlyCount "103"]
[EventDate "2016.08.22"]
[EventRounds "9"]
[EventCountry "ESP"]

1. e4 c5 2. c4 Nc6 3. g3 Nf6 4. Bg2 g6 5. Nc3 Bg7 6. Nge2 O-O 7. O-O d6 8. d3
Bd7 9. h3 a6 10. Kh2 Rb8 11. Be3 b5 12. Qd2 e6 13. Rac1 b4 14. Nd1 a5 15. f4
Re8 16. Nf2 e5 17. fxe5 Nxe5 18. Bh6 Bh8 19. Nf4 Be6 20. Nxe6 fxe6 21. Bg5 Nf7
22. Be3 Ne5 23. b3 a4 24. Rc2 axb3 25. axb3 Nc6 26. Ra2 h5 27. Ra6 Rb6 28. Rfa1
Nd7 29. R1a4 Qc8 30. Qa2 Be5 31. h4 Rxa6 32. Rxa6 Ndb8 33. Ra8 Rf8 34. Nh3 Qb7
35. Ng5 Nd7 36. Rxf8+ Nxf8 37. Qf2 Qe7 38. Bh3 Nd8 39. d4 cxd4 40. Bxd4 Nf7 41.
Be3 Bf6 42. Nf3 Ne5 43. Nd4 Nd3 44. Qd2 Nc5 45. Qxb4 Nxe4 46. Bg2 Be5 47. Nf3
Bxg3+ 48. Kg1 Qf6 49. Bd4 e5 50. Be3 Ne6 51. Qb8+ Kg7 52. Qb7+ 1-0

[Event "II Open Internacional Hotel Murta Xativa (Event Code: 141022)"]
[Site "Hotel Murta"]
[Date "2016.08.27"]
[Round "9"]
[Board "11"]
[White "Albuixec Sanz, Jorge"]
[Black "Cortes Marti, Javier"]
[Result "0-1"]
[WhiteElo "1824"]
[BlackElo "2082"]
[PlyCount "86"]
[EventDate "2016.08.22"]
[EventRounds "9"]
[EventCountry "ESP"]

1. e4 c6 2. d4 d5 3. Nc3 dxe4 4. Nxe4 Bf5 5. Ng3 Bg6 6. Bc4 e6 7. N1e2 Bd6 8.
Nf4 Ne7 9. O-O Qc7 10. Qf3 Bxf4 11. Bxf4 Qd7 12. Ne4 O-O 13. Rad1 Nd5 14. Bd2
b5 15. Bd3 Qe7 16. Ng5 Bxd3 17. Qxd3 Nf6 18. c4 a6 19. a3 Qd7 20. Bf4 h6 21.
Nf3 Qb7 22. Bd6 Rc8 23. Ne5 Ne8 24. Bb4 Nd7 25. Qf3 Nxe5 26. dxe5 Rd8 27. cxb5
Qxb5 28. Bc3 Rd5 29. Rd4 Rxd4 30. Bxd4 Rd8 31. Bc3 Nc7 32. Re1 Nd5 33. h3 Rd7
34. Rc1 Rb7 35. g3 c5 36. Qe4 Rb8 37. a4 Qb7 38. Qc4 Qb6 39. a5 Qb5 40. Qe4
Nxc3 41. Rxc3 Qxa5 42. Qc2 Qa1+ 43. Kh2 Rxb2 0-1

[Event "II Open Internacional Hotel Murta Xativa (Event Code: 141022)"]
[Site "Hotel Murta"]
[Date "2016.08.27"]
[Round "9"]
[Board "12"]
[White "Roca Cruz, Rafael"]
[Black "Gomez Sanjuan, Hector Fernando"]
[Result "0-1"]
[WhiteElo "1882"]
[BlackElo "2025"]
[PlyCount "74"]
[EventDate "2016.08.22"]
[EventRounds "9"]
[EventCountry "ESP"]

1. d4 Nf6 2. c4 c5 3. d5 e6 4. Nc3 exd5 5. cxd5 d6 6. e4 g6 7. Nf3 Bg7 8. Bd3
O-O 9. O-O a6 10. a4 Bg4 11. h3 Bxf3 12. Qxf3 Nbd7 13. Bf4 Qc7 14. Rfe1 Nh5 15.
Bh2 Ne5 16. Qd1 Nxd3 17. Qxd3 Rfe8 18. Qc4 Nf6 19. Rad1 Nd7 20. f4 Qb6 21. Rd3
Qb4 22. Qxb4 cxb4 23. Na2 Nc5 24. Rd2 Rxe4 25. Rxe4 Nxe4 26. Re2 b3 27. Nc1 Nc5
28. f5 Rd8 29. fxg6 hxg6 30. a5 Bh6 31. Re1 Bd2 32. Rd1 Bxa5 33. Nd3 Ne4 34.
Rc1 Re8 35. Bf4 Bb6+ 36. Kh2 g5 37. Bg3 Nxg3 0-1

[Event "II Open Internacional Hotel Murta Xativa (Event Code: 141022)"]
[Site "Hotel Murta"]
[Date "2016.08.27"]
[Round "9"]
[Board "13"]
[White "Miquel Badenes, Indalecio"]
[Black "Martin Perez, Carlos"]
[Result "0-1"]
[WhiteElo "1863"]
[BlackElo "1961"]
[PlyCount "72"]
[EventDate "2016.08.22"]
[EventRounds "9"]
[EventCountry "ESP"]

1. d4 Nf6 2. Nf3 g6 3. c4 Bg7 4. g3 d6 5. Bg2 O-O 6. O-O c6 7. Nc3 Nbd7 8. e4
e5 9. d5 c5 10. Bg5 a6 11. Qe2 h6 12. Bd2 Nh7 13. Nh4 b5 14. cxb5 axb5 15. Nxb5
Ba6 16. a4 Qb6 17. b4 Rfb8 18. bxc5 Bxb5 19. axb5 Nxc5 20. Rxa8 Rxa8 21. Rb1
Ra2 22. Qe3 Nf6 23. f3 Rxd2 24. Ra1 Rd3 25. Qf2 Rd4 26. Bf1 Ra4 27. Rb1 h5 28.
Ng2 Bh6 29. Ne3 Nd3 30. Qc2 Bxe3+ 31. Kg2 Nc5 32. Re1 Bd4 33. Rb1 Kg7 34. Be2
Nfd7 35. h4 Qa5 36. Kh3 Ra1 0-1

[Event "II Open Internacional Hotel Murta Xativa (Event Code: 141022)"]
[Site "Hotel Murta"]
[Date "2016.08.27"]
[Round "9"]
[Board "14"]
[White "Gonzalvez Tamarit, Ruben"]
[Black "La Orden Gil, Javier"]
[Result "1-0"]
[WhiteElo "1974"]
[BlackElo "1957"]
[PlyCount "83"]
[EventDate "2016.08.22"]
[EventRounds "9"]
[EventCountry "ESP"]

1. e4 c5 2. Nf3 e6 3. d4 cxd4 4. Nxd4 a6 5. c4 Nf6 6. Nc3 Qc7 7. Be3 d6 8. Be2
Nbd7 9. O-O b6 10. f3 Bb7 11. Rc1 Be7 12. b4 O-O 13. Nb3 Rac8 14. Na4 Qb8 15.
Nxb6 Nxb6 16. Bxb6 Bxe4 17. Bf2 Bc6 18. Qd2 Rfd8 19. Nd4 Bd7 20. Bd3 Qa8 21.
Qb2 a5 22. b5 d5 23. cxd5 Nxd5 24. b6 Qb7 25. Nb3 Bb4 26. Nc5 Bxc5 27. Bxc5 Bc6
28. g3 Nb4 29. Be2 Nd3 30. Bxd3 Rxd3 31. Rc3 Rd7 32. Be3 Rdd8 33. Rfc1 e5 34.
Qc2 Bd7 35. Qe4 Qxe4 36. fxe4 Rb8 37. Rc7 Bc8 38. R1c5 Bb7 39. Rxe5 Rd3 40.
Rxb7 Rc8 41. Rc7 Rcd8 42. Rd5 1-0

[Event "II Open Internacional Hotel Murta Xativa (Event Code: 141022)"]
[Site "Hotel Murta"]
[Date "2016.08.27"]
[Round "9"]
[Board "15"]
[White "Martorell Aubanell, Adria"]
[Black "Vila Tormo, Eduardo"]
[Result "1-0"]
[WhiteElo "2162"]
[BlackElo "1653"]
[PlyCount "113"]
[EventDate "2016.08.22"]
[EventRounds "9"]
[EventCountry "ESP"]

1. e4 c5 2. Nf3 d6 3. d4 cxd4 4. Qxd4 Nc6 5. Bb5 Bd7 6. Bxc6 Bxc6 7. Nc3 Nf6 8.
Bg5 e5 9. Qd3 Be7 10. O-O-O Ng4 11. Bxe7 Qxe7 12. Qe2 O-O 13. Nd2 Nf6 14. Nc4
Rfd8 15. f3 Rac8 16. Ne3 Qc7 17. Rd2 Rd7 18. Rhd1 Rcd8 19. Kb1 g6 20. g4 b6 21.
h4 Qb7 22. g5 Nh5 23. Ned5 Kg7 24. Qe3 b5 25. f4 b4 26. Ne2 Bxd5 27. Rxd5 Qc6
28. f5 Rc8 29. R1d2 a5 30. Rxa5 Nf4 31. Nxf4 exf4 32. Qxf4 Re8 33. Rad5 Red8
34. e5 Re8 35. Qe4 dxe5 36. f6+ Kg8 37. Qg2 Rxd5 38. Qxd5 Qb6 39. b3 Qb8 40.
Qd6 Qb5 41. Qd7 Qb8 42. a4 bxa3 43. Ka2 Qa8 44. Qa4 Qxa4 45. bxa4 e4 46. Kxa3
e3 47. Re2 Re5 48. Kb4 Kf8 49. c4 Ke8 50. Kc3 Re4 51. Kd3 Rxh4 52. Rxe3+ Kd7
53. Re7+ Kc6 54. Rxf7 Kc5 55. Re7 Kd6 56. Re4 Rh1 57. Rf4 1-0